[Event "SZCZYRK OPEN - TURNIEJ Z OKAZJI SWIETA NIEPODLEGLOSCI - BLITZ 3'+2'' "]
[Site "Szczyrk"]
[Date "2018-11-11"]
[Round "8.9"]
[White "Korbal, Arkadiusz"]
[Black "Retz, Adrian "]
[Result "1-0"]
[WhiteTitle ""]
[BlackTitle ""]
[WhiteElo "2099"]
[BlackElo "1547"]

1. d4 Nf6 2. c4 c5 3. d5 b5 4. Nf3 d6 5. Nbd2 g6 6. Qc2 Bg7 7. e4 a6 8. Bd3 Nbd7
9. h3 O-O 10. O-O Nh5 11. Re1 e6 12. cxb5 axb5 13. Bxb5 e5 14. Nc4 Qe7 15. Bg5
f6 16. Be3 f5 17. Bg5 Bf6 18. Bh6 Bg7 19. Bxg7 Kxg7 20. exf5 gxf5 21. Bc6 Rb8
22. a4 Nf4 23. Qd2 Qf6 24. Bxd7 Bxd7 25. g3 Qg6 26. Ncxe5 dxe5 27. Nxe5 Qh6 28.
Qxf4 Kh8 29. Qxh6 1-0

[Event "SZCZYRK OPEN - TURNIEJ Z OKAZJI SWIETA NIEPODLEGLOSCI - BLITZ 3'+2'' "]
[Site "Szczyrk"]
[Date "2018-11-11"]
[Round "8.10"]
[White "Kietrys, Maciej"]
[Black "Chylewski, Patryk"]
[Result "0-1"]
[WhiteTitle ""]
[BlackTitle ""]
[WhiteElo "1492"]
[BlackElo "2097"]

1. e4 c5 2. Nc3 Nc6 3. g3 g6 4. Bg2 Bg7 5. d3 e6 6. Be3 d6 7. Qd2 Rb8 8. f4 Nge7
9. Nf3 Nd4 10. Bxd4 cxd4 11. Ne2 Nc6 12. c3 dxc3 13. bxc3 O-O 14. O-O b5 15. Rab1
a5 16. g4 b4 17. cxb4 axb4 18. Ng3 Ba6 19. f5 exf5 20. gxf5 Ne5 21. Nxe5 Bxe5
22. Ne2 Qh4 23. Nf4 Bxd3 24. Qxd3 Bxf4 25. Qh3 Qxh3 26. Bxh3 Be5 27. fxg6 hxg6
28. Rf3 Kg7 29. Rfb3 Rh8 30. Bg2 Bd4+ 31. Kf1 Bc3 32. Kg1 Rb6 33. a3 Rhb8 34.
axb4 Bxb4 35. Kh1 Kf6 36. Bf3 Ke5 37. Bg2 Kd4 38. Bf3 Kc5 39. Bg2 Rd8 40. Bf3
Re8 41. Bg2 Re5 42. Bf3 f5 43. exf5 gxf5 44. Bg2 f4 45. Rc1+ Kb5 46. Rcb1 Kc4
47. Bf1+ Kc5 48. Rc1+ Kd5 49. Rd1+ Ke6 50. Rdb1 Re4 51. Bg2 Rd4 52. Bh3+ Kf6 53.
Bg2 d5 54. Bf3 Ke5 55. Bg2 Kd6 56. Bf3 Kc5 57. Bg2 Ba5 58. Rxb6 Bxb6 59. Rc1+
Kd6 60. h4 Ra4 61. h5 Ra7 62. Rf1 Be3 63. Rf3 Rh7 64. Rh3 Rh6 65. Bf3 Kc5 66.
Kg2 Kc4 67. Kf1 d4 68. Ke2 d3+ 69. Kd1 Ra6 0-1

[Event "SZCZYRK OPEN - TURNIEJ Z OKAZJI SWIETA NIEPODLEGLOSCI - BLITZ 3'+2'' "]
[Site "Szczyrk"]
[Date "2018-11-11"]
[Round "8.11"]
[White "Cichon, Michal "]
[Black "Drozniak, Stanislaw"]
[Result "0-1"]
[WhiteTitle ""]
[BlackTitle ""]
[WhiteElo "2023"]
[BlackElo "1799"]

1. e4 c5 2. c4 Nc6 3. Nc3 e5 4. Nge2 d6 5. g3 Be7 6. Bg2 h5 7. Nd5 h4 8. Nxe7 Ngxe7
9. Nc3 Nd4 10. d3 Be6 11. Be3 Qd7 12. Bxd4 cxd4 13. Nd5 Nxd5 14. exd5 Bg4 15.
Bf3 Bf5 16. g4 Bg6 17. h3 O-O 18. Qd2 b5 19. b3 Rab8 20. O-O f5 21. Qg5 fxg4 22.
Bxg4 Bf5 23. Qxh4 Rf6 24. f3 Rh6 25. Qg3 Qf7 26. Kf2 Kh8 27. Rg1 Bxd3 28. Be6
Qf6 0-1

[Event "SZCZYRK OPEN - TURNIEJ Z OKAZJI SWIETA NIEPODLEGLOSCI - BLITZ 3'+2'' "]
[Site "Szczyrk"]
[Date "2018-11-11"]
[Round "8.12"]
[White "Galuszka, Tomasz "]
[Black "Dziodzio, Angelika "]
[Result "1/2-1/2"]
[WhiteTitle ""]
[BlackTitle ""]
[WhiteElo "1787"]
[BlackElo "2018"]

1. e4 c5 2. Nf3 d6 3. g3 Nc6 4. Bg2 g6 5. O-O Bg7 6. d3 e6 7. a4 Nge7 8. Nbd2 O-O
9. Nh4 d5 10. Re1 e5 11. exd5 Nxd5 12. Ne4 b6 13. Nc3 Nxc3 14. bxc3 Bb7 15. Nf3
Qc7 16. Nd2 Rad8 17. Nc4 f5 18. Ne3 e4 19. Bb2 Ne5 20. d4 cxd4 21. cxd4 Nc4 22.
Nxc4 Qxc4 23. c3 Bd5 24. Rc1 Rc8 25. Qc2 Qc6 26. Bf1 Bc4 27. Bxc4+ Qxc4 28. Qe2
Qxa4 29. c4 Qd7 30. d5 a5 31. Bxg7 Kxg7 32. Qb2+ Rf6 33. Red1 Kf7 34. Rc2 f4 35.
Rdd2 f3 36. Qc1 Rc5 37. h4 h5 38. Kh2 a4 39. Rd4 Qd6 40. Rxe4 a3 41. Qxa3 Rxd5
42. Qa7+ Qd7 43. Qxd7+ Rxd7 1/2-1/2

[Event "SZCZYRK OPEN - TURNIEJ Z OKAZJI SWIETA NIEPODLEGLOSCI - BLITZ 3'+2'' "]
[Site "Szczyrk"]
[Date "2018-11-11"]
[Round "8.13"]
[White "Dylag, Emilia"]
[Black "Michalski, Karol "]
[Result "0-1"]
[WhiteTitle ""]
[BlackTitle ""]
[WhiteElo "1668"]
[BlackElo "2006"]

1. d4 d5 2. c4 e6 3. Nc3 c6 4. e3 Bd6 5. Nf3 f5 6. Be2 Nf6 7. Qc2 Ne4 8. Bd2 Nd7
9. c5 Bc7 10. O-O O-O 11. b4 g5 12. Ne1 g4 13. Nxe4 dxe4 14. b5 Bxh2+ 15. Kxh2
Qh4+ 16. Kg1 g3 17. fxg3 Qxg3 18. Nf3 exf3 19. Rxf3 Qg6 20. Be1 Qf6 21. bxc6 bxc6
22. Qa4 e5 23. Qc4+ Kh8 24. d5 Rb8 25. Rc1 Rb2 26. dxc6 Qxc6 27. Bc3 Rxe2 28.
Qxe2 Qxc5 29. Qb2 Qd5 30. Rf2 Ba6 31. Rd2 Bd3 32. Rcd1 Nc5 33. Bxe5+ Kg8 34. Qc3
Rd8 35. Bd4 Ne4 36. Qxd3 Kf7 37. Qb3 Ke6 38. Qxd5+ Rxd5 39. Rd3 Ra5 40. Bg7 Rxa2
41. Bh6 a5 42. Rc1 f4 43. Bxf4 Kf5 44. Rdd1 Kg4 45. Ra1 Re2 46. Rxa5 h5 47. Raa1
h4 48. Re1 Rc2 49. Rac1 Ra2 50. Rc8 h3 51. gxh3+ Kf3 52. Rf1+ Ke2 53. Rb8 Ra6
54. h4 Rg6+ 55. Kh2 Kxf1 56. Rb1+ Ke2 57. Rb2+ Kf3 58. h5 Rg8 59. h6 Nf2 60. h7
Rg2# 0-1

[Event "SZCZYRK OPEN - TURNIEJ Z OKAZJI SWIETA NIEPODLEGLOSCI - BLITZ 3'+2'' "]
[Site "Szczyrk"]
[Date "2018-11-11"]
[Round "8.14"]
[White "Kukula, Karol"]
[Black "Szydlowska-duda, Marta "]
[Result "1/2-1/2"]
[WhiteTitle ""]
[BlackTitle ""]
[WhiteElo "1644"]
[BlackElo "1986"]

1. e4 d5 2. exd5 Qxd5 3. Nc3 Qa5 4. d4 Nf6 5. Bd2 c6 6. Nf3 Bg4 7. Be2 Qc7 8. O-O
Nbd7 9. h3 Bh5 10. Be3 e6 11. Qd2 Bd6 12. Rad1 O-O 13. Ne1 Bxe2 14. Qxe2 Nb6 15.
Nf3 Nbd5 16. Nxd5 cxd5 17. c3 Rac8 18. Nd2 h6 19. Qf3 b5 20. Bxh6 gxh6 21. Qxf6
Kh7 22. Nf3 Rg8 23. Ne5 Bxe5 24. dxe5 Rg6 25. Qf4 Rcg8 26. g3 R8g7 27. Rd4 Rg5
28. Kh2 Qxe5 29. Qxe5 Rxe5 30. Rfd1 Re2 31. R1d2 Rxd2 32. Rxd2 Kg6 33. Kg2 Kf5
34. Kf3 Ke5 35. a4 bxa4 36. Rd4 f5 37. Rxa4 Rb7 38. b4 Rc7 39. Ra3 d4 40. cxd4+
Kxd4 41. Ra6 Kd5 42. Ra5+ Kd4 43. Ra6 Kd5 44. Ra5+ Kc4 45. Ra6 Re7 46. Ra1 Kxb4
47. Rb1+ Kc4 48. Rc1+ Kb3 49. Rb1+ Kc2 50. Rb5 e5 51. Ra5 Kb3 52. Ra6 h5 53. Ke3
Rc7 54. Ra5 Re7 55. Ra6 Rc7 56. Ra5 Kb4 57. Rxe5 Rf7 58. Rd5 a5 59. Rd4+ Kb3 60.
Rd3+ Kb4 61. Rd4+ 1/2-1/2

[Event "SZCZYRK OPEN - TURNIEJ Z OKAZJI SWIETA NIEPODLEGLOSCI - BLITZ 3'+2'' "]
[Site "Szczyrk"]
[Date "2018-11-11"]
[Round "8.15"]
[White "Krol, Rafal"]
[Black "Lambrecht, Tomasz"]
[Result "1-0"]
[WhiteTitle ""]
[BlackTitle ""]
[WhiteElo "1926"]
[BlackElo "1343"]

1. Nf3 c5 2. c4 Nc6 3. Nc3 g6 4. g3 Bg7 5. Bg2 e5 6. O-O d6 7. d3 Nge7 8. Nd5 O-O
9. Bg5 f6 10. Bd2 Be6 11. e4 f5 12. Ng5 Bc8 13. h4 h6 14. Nh3 fxe4 15. dxe4 Nd4
16. f4 Kh7 17. h5 Nxd5 18. hxg6+ Kxg6 19. cxd5 1-0

[Event "SZCZYRK OPEN - TURNIEJ Z OKAZJI SWIETA NIEPODLEGLOSCI - BLITZ 3'+2'' "]
[Site "Szczyrk"]
[Date "2018-11-11"]
[Round "8.16"]
[White "Para, Tomasz "]
[Black "Buchta, Agnieszka"]
[Result "1/2-1/2"]
[WhiteTitle ""]
[BlackTitle ""]
[WhiteElo "1896"]
[BlackElo "1586"]

1. e4 c5 2. Nf3 e6 3. d4 cxd4 4. Nxd4 Nf6 5. Nc3 Bb4 6. Bd3 Nc6 7. Nxc6 bxc6 8.
Bd2 d5 9. exd5 cxd5 10. O-O O-O 11. a3 Be7 12. Qf3 Qb6 13. b4 Ba6 14. Qg3 Bxd3
15. cxd3 Rfe8 16. Ne2 Bd6 17. Qe3 Qb8 18. h3 e5 19. Ng3 e4 20. Nf5 Be5 21. d4
Bc7 22. Qg5 g6 23. Qxf6 gxf5 24. Qxf5 1/2-1/2

[Event "SZCZYRK OPEN - TURNIEJ Z OKAZJI SWIETA NIEPODLEGLOSCI - BLITZ 3'+2'' "]
[Site "Szczyrk"]
[Date "2018-11-11"]
[Round "8.17"]
[White "Marczak, Szymon"]
[Black "Demski, Michal "]
[Result "1/2-1/2"]
[WhiteTitle ""]
[BlackTitle ""]
[WhiteElo "1880"]
[BlackElo "1762"]

1. b3 e5 2. Bb2 Nc6 3. e3 d5 4. Bb5 Bd6 5. Nf3 f6 6. d4 e4 7. Nfd2 Bd7 8. Be2 Nge7
9. c4 Bb4 10. a3 Bxd2+ 11. Qxd2 Be6 12. Nc3 O-O 13. Rc1 Na5 14. Nxd5 Nxb3 15.
Nxe7+ Qxe7 16. Qc3 Nxc1 17. Bxc1 c6 18. O-O Rad8 19. a4 Qf7 20. Ba3 Rfe8 21. Rb1
b6 22. Qb4 f5 23. g3 c5 24. dxc5 bxc5 25. Qb5 Rd2 26. Bf1 Rc2 27. Bxc5 Bxc4 28.
Bxc4 Rxc4 29. Bxa7 Rec8 30. Bd4 Qh5 31. Qd5+ Kh8 32. Bb2 R4c7 33. Rd1 h6 34. Qd4
Qf7 35. Rd2 Qb3 36. a5 Qe6 37. Kg2 Qg6 38. Qe5 Qh5 39. Rd8+ Rxd8 40. Qxc7 Qf3+
41. Kh3 Qg4+ 42. Kg2 Qf3+ 43. Kh3 Qg4+ 44. Kg2 Qf3+ 1/2-1/2

[Event "SZCZYRK OPEN - TURNIEJ Z OKAZJI SWIETA NIEPODLEGLOSCI - BLITZ 3'+2'' "]
[Site "Szczyrk"]
[Date "2018-11-11"]
[Round "8.18"]
[White "Lesniak, Grzegorz"]
[Black "Guzik, Michal"]
[Result "1-0"]
[WhiteTitle ""]
[BlackTitle ""]
[WhiteElo "1849"]
[BlackElo "1304"]

1. e4 c5 2. Nc3 e6 3. Nf3 a6 4. a3 Qc7 5. Bc4 Nf6 6. d3 Be7 7. O-O d6 8. h3 O-O
9. Be3 b6 10. Qd2 Nbd7 11. Ba2 Bb7 12. Nh2 d5 13. exd5 exd5 14. Bf4 Bd6 15. Bxd6
Qxd6 16. Rae1 Qc6 17. f3 Rae8 18. Ng4 d4 19. Ne4 Nxe4 20. fxe4 Nf6 21. Nxf6+ gxf6
22. Bd5 Qc7 23. Bxb7 Qxb7 24. Rxf6 Re6 25. Ref1 Qe7 26. Qg5+ Kh8 27. Qh6 Rxf6
28. Qxf6+ Qxf6 29. Rxf6 Kg7 30. Rxb6 f5 31. exf5 Rxf5 32. Rxa6 Re5 33. Kf2 Re7
34. Rc6 Re5 35. a4 Kf7 36. a5 Ke7 37. a6 Kd7 38. Rh6 Rf5+ 39. Ke2 Re5+ 40. Kd2
Re8 41. a7 Ra8 42. Rxh7+ Kc6 43. h4 Kb6 44. h5 1-0

[Event "SZCZYRK OPEN - TURNIEJ Z OKAZJI SWIETA NIEPODLEGLOSCI - BLITZ 3'+2'' "]
[Site "Szczyrk"]
[Date "2018-11-11"]
[Round "8.19"]
[White "Dytman, Radoslaw "]
[Black "Bochenek, Kacper "]
[Result "1-0"]
[WhiteTitle ""]
[BlackTitle ""]
[WhiteElo "1786"]
[BlackElo "1463"]

1. e4 c5 2. Nf3 d6 3. d4 cxd4 4. Nxd4 Nf6 5. Nc3 g6 6. f4 Bg7 7. e5 dxe5 8. fxe5
Nd5 9. Bb5+ Kf8 10. Qe2 Nxc3 11. bxc3 Bd7 12. Bc4 Nc6 13. Bf4 e6 14. O-O Nxd4
15. cxd4 Bc6 16. Be3 Bd5 17. Bxd5 Qxd5 18. Rab1 b6 19. c4 Qb7 20. d5 exd5 21.
e6 f6 22. Bc5+ Ke8 23. cxd5 Qxd5 24. Qb5+ Kd8 25. Be7+ Kxe7 26. Qxd5 Rhd8 27.
Qb7+ Ke8 28. Qf7# 1-0

[Event "SZCZYRK OPEN - TURNIEJ Z OKAZJI SWIETA NIEPODLEGLOSCI - BLITZ 3'+2'' "]
[Site "Szczyrk"]
[Date "2018-11-11"]
[Round "8.20"]
[White "Temel, Jan "]
[Black "Krupinski, Mikolaj "]
[Result "1-0"]
[WhiteTitle ""]
[BlackTitle ""]
[WhiteElo "1762"]
[BlackElo "1414"]

1. c4 c6 2. Nf3 Nf6 3. b3 d5 4. e3 e5 5. Bb2 Bd6 6. Be2 Bg4 7. Qc2 Nbd7 8. Ng5
Bxe2 9. Kxe2 O-O 10. h4 h6 11. f3 e4 1-0

[Event "SZCZYRK OPEN - TURNIEJ Z OKAZJI SWIETA NIEPODLEGLOSCI - BLITZ 3'+2'' "]
[Site "Szczyrk"]
[Date "2018-11-11"]
[Round "8.21"]
[White "Fic, Wieslaw "]
[Black "Zabrzanska, Weronika "]
[Result "1-0"]
[WhiteTitle ""]
[BlackTitle ""]
[WhiteElo "1759"]
[BlackElo "1344"]

1. Nf3 e6 2. d4 d5 3. c4 Nf6 4. Nc3 Be7 5. Bg5 O-O 6. e3 h6 7. Bh4 Nbd7 8. Rc1
Re8 9. Qc2 c6 10. Be2 Nf8 11. O-O Ng6 12. Bg3 Nh5 13. Rfd1 Nxg3 14. hxg3 Bf6 15.
Bd3 Ne7 16. Rb1 Qc7 17. Rdc1 Bd7 18. cxd5 exd5 19. b4 a6 20. a4 Qd6 21. Qb3 Bf5
22. Bxf5 Nxf5 23. b5 axb5 24. axb5 Rab8 25. Na4 Ne7 26. Nc5 Rec8 27. Ra1 Qd8 28.
Ra7 Rc7 29. b6 Rcc8 30. Rb1 Ng6 31. Rxb7 Be7 32. Rxb8 Rxb8 33. b7 Bxc5 34. dxc5
Qc7 35. Nd4 Ne5 36. Qb6 Qe7 37. Nxc6 Nxc6 38. Qxc6 Qf8 39. Qc7 Qe8 40. c6 Qf8
41. Qd7 Kh8 42. c7 1-0

[Event "SZCZYRK OPEN - TURNIEJ Z OKAZJI SWIETA NIEPODLEGLOSCI - BLITZ 3'+2'' "]
[Site "Szczyrk"]
[Date "2018-11-11"]
[Round "8.23"]
[White "Iwanczuk, Krzysztof"]
[Black "Labedz, Dawid"]
[Result "1-0"]
[WhiteTitle ""]
[BlackTitle ""]
[WhiteElo "1735"]
[BlackElo "1395"]

1. e4 c5 2. a3 Nc6 3. b4 cxb4 4. axb4 Nxb4 5. c3 Nc6 6. d4 d5 7. exd5 Qxd5 8. Na3
g6 9. Nb5 Qe6+ 10. Be2 Qd7 11. Bf4 e5 12. dxe5 Qxd1+ 13. Bxd1 Kd8 14. Nf3 a6 15.
Ng5 Nh6 16. Bb3 Be6 17. Bxe6 fxe6 18. Nxe6+ Ke7 19. Nxf8 Ng4 20. Nc7 Rc8 21. Nfe6
Ngxe5 22. Bg5+ Kf7 23. O-O h6 24. Bh4 g5 25. Bg3 Rh7 26. f4 Ng6 27. fxg5+ Kg8
28. Nd5 hxg5 29. Nf6+ Kh8 30. Nxh7 Kxh7 31. Rf7+ Kg8 32. Rg7+ Kh8 33. Rxg6 Kh7
34. Rxg5 Re8 35. Ra4 Rxe6 36. Rh4+ Rh6 37. Rhg4 Ne7 38. Rg7+ Kh8 39. Be5 1-0

[Event "SZCZYRK OPEN - TURNIEJ Z OKAZJI SWIETA NIEPODLEGLOSCI - BLITZ 3'+2'' "]
[Site "Szczyrk"]
[Date "2018-11-11"]
[Round "8.24"]
[White "Pisarek, Jan "]
[Black "Sulkowski, Andrzej "]
[Result "0-1"]
[WhiteTitle ""]
[BlackTitle ""]
[WhiteElo "1256"]
[BlackElo "1693"]

1. e4 c5 2. Nf3 Nc6 3. Bb5 e6 4. O-O a6 5. Bxc6 bxc6 6. c3 d5 7. exd5 cxd5 8. d4
Nf6 9. Bg5 Be7 10. Re1 O-O 11. Nbd2 Bb7 12. Bxf6 Bxf6 13. dxc5 Qc7 14. Nb3 Rad8
15. h3 e5 16. Qc2 Rfe8 17. Rad1 a5 18. Nc1 Qxc5 19. Nb3 Qc7 20. Rc1 Ba6 21. Nbd2
e4 22. Nd4 Bd3 23. Qa4 Bg5 24. N4b3 Qb6 25. Rcd1 Bc2 26. Rc1 Bxb3 27. Nxb3 Bxc1
28. Rxc1 e3 29. Qxa5 exf2+ 30. Kf1 Re1+ 31. Rxe1 0-1

[Event "SZCZYRK OPEN - TURNIEJ Z OKAZJI SWIETA NIEPODLEGLOSCI - BLITZ 3'+2'' "]
[Site "Szczyrk"]
[Date "2018-11-11"]
[Round "8.25"]
[White "Majdanski, Maksymilian "]
[Black "Kania, Pawel "]
[Result "0-1"]
[WhiteTitle ""]
[BlackTitle ""]
[WhiteElo "1393"]
[BlackElo "1644"]

1. d4 Nf6 2. c4 g6 3. Nc3 Bg7 4. e4 d6 5. f3 c5 6. d5 Nbd7 7. Be3 a6 8. a4 Rb8
9. Qd2 h6 10. g4 Qc7 11. h3 b6 12. f4 b5 13. axb5 axb5 14. Nxb5 Rxb5 15. cxb5
Nxe4 16. Qg2 Nef6 17. Bc4 Bb7 18. Ne2 Nb6 19. b3 Nbxd5 20. Bxd5 Bxd5 21. Qg1 O-O
22. Rh2 Ne4 23. Rb1 Qa5+ 24. Kf1 Qxb5 25. f5 Nc3 26. Rb2 Nxe2 27. Rbxe2 Bxb3 28.
Kf2 Bd5 29. Qd1 Qc6 30. Qc2 g5 31. Rd2 Be5 32. Qd3 e6 33. Kg1 Bxh2+ 34. Kxh2 Be4
35. Qc3 exf5 36. gxf5 d5 37. Qxc5 Qxc5 38. Bxc5 Rc8 39. Be7 Kg7 40. f6+ Kg6 41.
Kg3 Rc3+ 42. Kh2 Bf5 43. Bd8 Rxh3+ 44. Kg2 Rd3 45. Rxd3 Bxd3 46. Kf3 Kf5 47. Ke3
Be4 48. Be7 Kg4 49. Bf8 h5 50. Kf2 h4 51. Bd6 Kf5 52. Be7 Kg4 53. Bd6 Kf5 54.
Be7 g4 55. Kg1 Kf4 56. Bd6+ Kf3 57. Be5 g3 58. Kf1 Bd3+ 59. Kg1 h3 60. Bd6 Bc4
61. Be5 h2+ 62. Kh1 Ke4 63. Bd6 d4 64. Bxg3 d3 65. Bh4 Kf5 66. Be1 Kg4 67. Kxh2
Kf3 68. Bc3 Ke2 69. Kg3 d2 70. Bxd2 Kxd2 71. Kf4 Be6 72. Ke4 Ke2 73. Kf4 Kd3 74.
Kg3 Ke4 75. Kf2 Kf5 76. Kf3 Kxf6 77. Kf4 Bd7 78. Ke4 Kg5 79. Kf3 Bc6+ 80. Kg3
f5 81. Kf2 Kf4 82. Ke2 Kg3 83. Ke3 f4+ 84. Ke2 Kg2 85. Ke1 f3 0-1

[Event "SZCZYRK OPEN - TURNIEJ Z OKAZJI SWIETA NIEPODLEGLOSCI - BLITZ 3'+2'' "]
[Site "Szczyrk"]
[Date "2018-11-11"]
[Round "8.26"]
[White "Zielinski, Marcin"]
[Black "Laszczuk, Zuzanna"]
[Result "0-1"]
[WhiteTitle ""]
[BlackTitle ""]
[WhiteElo "1576"]
[BlackElo "1332"]

1. d4 d5 2. c4 e6 3. Nc3 Nf6 4. Bg5 Nbd7 5. Nf3 c6 6. e3 Bb4 7. cxd5 cxd5 8. Rc1
Qa5 9. a3 Bxc3+ 10. bxc3 Ne4 11. Qc2 Qxa3 12. Bd3 Ndf6 13. O-O Nxg5 14. Nxg5 h6
15. Nf3 O-O 16. Ne5 Qe7 17. c4 b6 18. cxd5 Nxd5 19. Nc6 Qd7 20. Bb5 Qd6 21. Ne5
Bb7 22. Qe2 a6 23. Bd3 Rac8 24. Qg4 Nf6 25. Qg3 Nh5 26. Qg4 Nf6 27. Qg3 Qd5 28.
f3 Qd6 29. Rxc8 Rxc8 30. h3 b5 31. f4 Be4 32. Be2 Bf5 33. Qf2 Ne4 34. Qf3 f6 35.
Nd3 Rc2 36. Ra1 b4 37. g4 Bh7 38. f5 Ng5 39. Qf1 b3 40. Nf2 b2 41. Rb1 a5 42.
Bd3 Rd2 43. Qe1 Nf3+ 44. Kh1 Nxe1 45. Rxe1 Rxf2 46. Kg1 Qg3+ 47. Kh1 Qh2# 0-1

[Event "SZCZYRK OPEN - TURNIEJ Z OKAZJI SWIETA NIEPODLEGLOSCI - BLITZ 3'+2'' "]
[Site "Szczyrk"]
[Date "2018-11-11"]
[Round "8.27"]
[White "Jaworski, Tymon"]
[Black "Zamarska, Sylwia "]
[Result "0-1"]
[WhiteTitle ""]
[BlackTitle ""]
[WhiteElo "1372"]
[BlackElo "1552"]

1. e4 d5 2. exd5 Nf6 3. Nc3 Nxd5 4. Nf3 Bg4 5. Be2 Nf4 6. d3 Nxe2 7. Qxe2 e6 8.
h3 Bh5 9. g4 Bg6 10. Ne5 Nd7 11. Nxg6 hxg6 12. Bd2 Nf6 13. Ne4 Qd5 14. Nxf6+ gxf6
15. Qe4 Qxe4+ 16. dxe4 O-O-O 17. O-O-O Bc5 18. f3 Rd7 19. c3 Rd3 20. Rdf1 Rhd8
21. Rh2 g5 22. f4 Rxd2 23. Rxd2 Be3 24. Rfd1 Bxf4 25. Kc2 Rxd2+ 26. Rxd2 Bxd2
27. Kxd2 Kd7 28. Kd3 Kd6 29. Kd4 c5+ 30. Ke3 Ke5 31. a3 f5 32. exf5 exf5 33. gxf5
Kxf5 34. b4 cxb4 35. axb4 b5 36. Kf3 Kg6 37. Ke4 f5+ 38. Kd5 f4 39. Ke4 Kf6 40.
Kf3 Kf5 41. Ke2 Ke4 42. Kf2 Kd3 43. Kf3 Kxc3 44. Kg4 Kxb4 45. Kxg5 f3 46. h4 f2
47. h5 f1=Q 48. h6 Qc1+ 49. Kg6 Qxh6+ 50. Kxh6 a5 51. Kg5 a4 52. Kf4 a3 53. Ke3
a2 54. Kd2 a1=Q 55. Kc2 Qc3+ 56. Kb1 Qd2 57. Ka1 Kb3 58. Kb1 Qb2# 0-1

[Event "SZCZYRK OPEN - TURNIEJ Z OKAZJI SWIETA NIEPODLEGLOSCI - BLITZ 3'+2'' "]
[Site "Szczyrk"]
[Date "2018-11-11"]
[Round "8.28"]
[White "Szafranski, Maciej "]
[Black "Krasniewski, Szymon"]
[Result "0-1"]
[WhiteTitle ""]
[BlackTitle ""]
[WhiteElo "1548"]
[BlackElo "1293"]

1. e4 c5 2. Nf3 g6 3. d4 cxd4 4. Nxd4 Bg7 5. f3 Nc6 6. Be3 Nf6 7. Nc3 O-O 8. Qd2
d5 9. exd5 Nxd5 10. Nxc6 bxc6 11. Nxd5 Qxd5 12. Qxd5 cxd5 13. c3 Bf5 14. Be2 Rab8
15. O-O-O Rfd8 16. Bxa7 Ra8 17. Bb6 Rdb8 18. Bc5 Rxa2 19. Ba3 Bxc3 20. g4 Ra1#
0-1

[Event "SZCZYRK OPEN - TURNIEJ Z OKAZJI SWIETA NIEPODLEGLOSCI - BLITZ 3'+2'' "]
[Site "Szczyrk"]
[Date "2018-11-11"]
[Round "8.29"]
[White "Derylo, Kamil"]
[Black "Jakubiec, Maurycy"]
[Result "0-1"]
[WhiteTitle ""]
[BlackTitle ""]
[WhiteElo "1536"]
[BlackElo "1093"]

1. e4 c5 2. d4 cxd4 3. c3 dxc3 4. Nxc3 Nc6 5. Bc4 d6 6. Nf3 Nf6 7. e5 dxe5 8. Qxd8+
Kxd8 9. Ng5 Kd7 10. Nxf7 Rg8 11. Be3 e6 12. O-O-O Ke7 13. Ng5 h6 14. Bc5+ Ke8
15. Bxf8 Rxf8 16. Nxe6 Bxe6 17. Bxe6 Ke7 18. Bf5 Rad8 19. Rde1 Nd7 20. Nd5+ Kd6
21. Be4 Rxf2 22. Rd1 Nd4 23. Rhf1 Rc8+ 24. Kb1 Re2 25. Nc3 Re3 26. Bxb7 Rb8 27.
Ba6 Rxc3 28. Ka1 Rc2 29. Rb1 Rc6 30. Rbc1 Rxa6 31. Rf7 Rb7 32. Rxg7 Rc7 33. Rg6+
Ne6 34. Rd1+ Kc5 35. Rxe6 Rxe6 36. Rc1+ Kb6 37. Rd1 Rec6 38. a4 Rc1+ 39. Rxc1
Rxc1+ 40. Ka2 Nc5 41. Ka3 Ra1+ 42. Kb4 Rxa4+ 0-1

[Event "SZCZYRK OPEN - TURNIEJ Z OKAZJI SWIETA NIEPODLEGLOSCI - BLITZ 3'+2'' "]
[Site "Szczyrk"]
[Date "2018-11-11"]
[Round "8.30"]
[White "Kubaszewski, Piotr "]
[Black "Wilgosz, Tomasz"]
[Result "0-1"]
[WhiteTitle ""]
[BlackTitle ""]
[WhiteElo "1278"]
[BlackElo "1533"]

1. e4 e6 2. d4 d5 3. Nf3 c5 4. c3 Nc6 5. Be3 cxd4 6. Nxd4 Nf6 7. Bb5 Bd7 8. Nxc6
bxc6 9. Ba4 Bd6 10. Nd2 O-O 11. O-O c5 12. Bxd7 Qxd7 13. Nb3 Rac8 14. Qc2 Ng4
15. exd5 Nxe3 16. fxe3 exd5 17. h3 Qe6 18. Qd2 Qe5 19. Rad1 Qh2+ 20. Kf2 Qg3+
21. Kg1 Rfe8 22. Rf3 Qg5 23. Qxd5 Qxd5 24. Rxd5 Bf8 25. Rd7 f6 26. Kf2 a6 27.
Rf5 c4 28. Nd4 Rb8 29. Rc7 Rxb2+ 30. Kf3 Rxa2 31. Rxc4 a5 32. Nb3 a4 33. Nc5 a3
34. Ra4 Ra1 35. Nd7 a2 36. Nxf8 Rxf8 37. Rfa5 Rc8 38. Rxa2 Rxa2 39. Rxa2 Rxc3
40. Ke4 Kf7 41. Ra7+ Kg6 42. g4 Rc4+ 43. Kf3 Rc1 44. Ra5 Rh1 45. Kg2 Re1 46. Kf2
Rb1 47. Kf3 h6 48. Kg2 Rb3 49. Kf3 Kf7 50. Ra7+ Kg6 51. Ra5 Rb6 52. Kg3 Re6 53.
Kf3 Re7 54. Rb5 Rf7 55. Ra5 f5 56. gxf5+ Rxf5+ 57. Rxf5 Kxf5 58. e4+ Ke5 59. Ke3
g5 60. Kf3 h5 61. h4 g4+ 62. Ke3 Kf6 63. Kf4 Ke6 64. Ke3 Ke5 65. Kf2 Kxe4 66.
Kg3 Ke3 67. Kg2 Kf4 68. Kf2 g3+ 69. Kg2 Kg4 70. Kh1 Kxh4 71. Kg1 Kg4 72. Kh1 h4
73. Kg1 h3 74. Kh1 Kf3 75. Kg1 g2 76. Kh2 Kf2 77. Kxh3 g1=Q 78. Kh4 Qg6 79. Kh3
Qg3# 0-1

[Event "SZCZYRK OPEN - TURNIEJ Z OKAZJI SWIETA NIEPODLEGLOSCI - BLITZ 3'+2'' "]
[Site "Szczyrk"]
[Date "2018-11-11"]
[Round "8.31"]
[White "Wolski, Michal "]
[Black "Orzechowski, Michal"]
[Result "0-1"]
[WhiteTitle ""]
[BlackTitle ""]
[WhiteElo "1311"]
[BlackElo "1519"]

1. e4 e6 2. d4 d5 3. Nd2 Nf6 4. e5 Nfd7 5. Bd3 c5 6. c3 Nc6 7. Ngf3 cxd4 8. cxd4
f6 9. Nb3 fxe5 10. dxe5 g6 11. Ng5 Ndxe5 12. Bb5 Bg7 13. Nd4 Bd7 14. Ndxe6 Bxe6
15. Nxe6 Qe7 16. Nxg7+ Qxg7 17. Qxd5 Qe7 18. O-O Rd8 19. Qb3 Qf7 20. Qe3 O-O 21.
b3 Ng4 22. Qg3 Nce5 23. f3 Qd5 24. Bc4 Nxc4 25. bxc4 Qd4+ 26. Kh1 Nf2+ 27. Qxf2
Qxf2 28. Rxf2 Rd1+ 0-1

[Event "SZCZYRK OPEN - TURNIEJ Z OKAZJI SWIETA NIEPODLEGLOSCI - BLITZ 3'+2'' "]
[Site "Szczyrk"]
[Date "2018-11-11"]
[Round "8.32"]
[White "Majdecki, Robert "]
[Black "Kucza, Kamil "]
[Result "0-1"]
[WhiteTitle ""]
[BlackTitle ""]
[WhiteElo "1508"]
[BlackElo "1200"]

1. d4 d5 2. c4 e6 3. Nc3 Bb4 4. a3 Bxc3+ 5. bxc3 dxc4 6. e4 b5 7. a4 Bd7 8. axb5
Bxb5 9. Nf3 Nf6 10. Bg5 O-O 11. e5 h6 12. exf6 hxg5 13. fxg7 Kxg7 14. Nd2 e5 15.
Nxc4 Bxc4 16. Bxc4 exd4 17. Qf3 Nd7 18. cxd4 Re8+ 19. Kf1 f6 20. h4 Nb6 21. Qc3
Nxc4 22. Qxc4 Rh8 23. h5 Qd7 24. Ra6 Rad8 25. d5 Qxd5 26. Qxc7+ Kh6 27. Qc1 Qd1+
28. Qxd1 Rxd1+ 0-1

[Event "SZCZYRK OPEN - TURNIEJ Z OKAZJI SWIETA NIEPODLEGLOSCI - BLITZ 3'+2'' "]
[Site "Szczyrk"]
[Date "2018-11-11"]
[Round "8.33"]
[White "Gromek, Pawel"]
[Black "Kindler, Karolina"]
[Result "0-1"]
[WhiteTitle ""]
[BlackTitle ""]
[WhiteElo "1300"]
[BlackElo "1504"]

1. e4 d5 2. exd5 Nf6 3. Nc3 Nxd5 4. Bc4 Nb6 5. Bb3 Nc6 6. Nf3 Bf5 7. O-O e6 8.
d3 Be7 9. Bf4 Bg4 10. h3 Bh5 11. Be3 O-O 12. Ne4 f5 13. Bxe6+ Kh8 14. Nc3 f4 15.
Bxb6 axb6 16. Ne4 Nd4 17. Bg4 Bxg4 18. hxg4 Qd7 19. Nxd4 Qxd4 20. Qf3 Qxb2 21.
Rfe1 Rxa2 22. Rxa2 Qxa2 23. Nc3 Qf7 24. Nd5 Bd6 25. Nc3 Bb4 26. d4 Qc4 27. Qe4
Bxc3 28. Qe7 0-1

[Event "SZCZYRK OPEN - TURNIEJ Z OKAZJI SWIETA NIEPODLEGLOSCI - BLITZ 3'+2'' "]
[Site "Szczyrk"]
[Date "2018-11-11"]
[Round "8.35"]
[White "Pieczewski, Szymon "]
[Black "Grzadka, Artur "]
[Result "1-0"]
[WhiteTitle ""]
[BlackTitle ""]
[WhiteElo "1495"]
[BlackElo "1287"]

1. e4 c6 2. d4 d5 3. e5 Bf5 4. g4 Bg6 5. e6 fxe6 6. h4 h5 7. g5 Nd7 8. Nf3 Qc7
9. Bd3 Bxd3 10. Qxd3 O-O-O 11. Nc3 e5 12. dxe5 Nxe5 13. Nxe5 Qxe5+ 14. Ne2 e6
15. Bf4 Qxb2 16. O-O e5 17. Bg3 e4 18. Qd2 Qb4 19. c3 Qc5 20. Nd4 Re8 21. Qf4
1-0

[Event "SZCZYRK OPEN - TURNIEJ Z OKAZJI SWIETA NIEPODLEGLOSCI - BLITZ 3'+2'' "]
[Site "Szczyrk"]
[Date "2018-11-11"]
[Round "8.36"]
[White "Zablocka, Marta"]
[Black "Chaczynski, Kamil"]
[Result "0-1"]
[WhiteTitle ""]
[BlackTitle ""]
[WhiteElo "1153"]
[BlackElo "1486"]

1. e4 c6 2. d4 d5 3. e5 Bf5 4. Nf3 e6 5. Bd3 Bxd3 6. Qxd3 Qa5+ 7. Bd2 Qa6 8. Qxa6
Nxa6 9. O-O Ne7 10. Nc3 Nf5 11. a3 Rc8 12. Rad1 c5 13. dxc5 Bxc5 14. Na4 Be7 15.
Nc3 h5 16. h3 Nc5 17. Bc1 a6 18. Nd4 Nxd4 19. Rxd4 b5 20. Be3 Nd7 21. Rd2 Nxe5
22. Bd4 Nc4 23. Re2 O-O 24. Rb1 Bc5 25. Be5 Nxe5 26. Rxe5 Bd4 27. Rxh5 Bxc3 28.
bxc3 Rxc3 29. Rc1 Rxa3 30. Kh2 Rc8 31. Rd1 Rxc2 32. Rd4 Rxf2 33. Rdh4 Kf8 34.
Rh8+ Ke7 35. Rg8 g6 36. Rh7 Kd6 37. Rd8+ Ke5 38. Rc8 Raa2 39. Rc1 Rxg2+ 40. Kh1
Rh2+ 41. Kg1 Rag2+ 42. Kf1 Rh1+ 43. Kxg2 Rxc1 44. Rxf7 Rc2+ 45. Kf3 Rc3+ 46. Kg2
a5 47. Rg7 Kf6 48. Ra7 a4 49. Ra5 Rb3 50. h4 a3 51. Ra8 Rb2+ 52. Kg3 a2 53. Rf8+
Kg7 54. Rc8 a1=Q 0-1